000 00467nam a2200181Ia 4500
001 18577
005 20260306171641.0
008 260306s9999||||xx |||||||||||||| ||und||
041 _aESP
082 _a658.409
_bF41
100 _aFernández López, Javier
_eAUT
245 0 _aPeople excellence:
_bCoaching, desempeño, competencias y talento
260 _c2009
300 _axxxii, 325 p
_c24 cm.
650 _aGEN
654 _aCAN
942 _cLIB
_dJUS
_fJUS
_2ddc
_n
999 _c18577
_d18577